Palace Music - New Partner Lyrics - Statistics

General Stats
  • This quiz has been taken 6 times
  • The average score is 151 of 193
Answer Stats
Answer % Correct
a
100%
And
100%
go
100%
got
100%
hard
100%
I
100%
It's
100%
it's
100%
I've
100%
like
100%
me,
100%
me
100%
my
100%
new
100%
on
100%
partner
100%
partner,
100%
riding
100%
so
100%
the
100%
There
100%
There's
100%
We
100%
we
100%
When
100%
with
100%
all
75%
always
75%
are
75%
But
75%
flow
75%
for
75%
forget
75%
friends,
75%
friends
75%
fun
75%
hands
75%
having
75%
head
75%
hello,
75%
hello
75%
"Hello"
75%
hermit,
75%
in
75%
know
75%
know,
75%
Lay
75%
lay
75%
low
75%
mind
75%
Now
75%
now
75%
of
75%
oh,
75%
payment
75%
pleasantly
75%
precludes
75%
prettiest
75%
skirt
75%
sun's
75%
sunset,
75%
thighs
75%
think
75%
tinted
75%
to
75%
what
75%
whisper,
75%
will
75%
you
75%
your
75%
action
50%
back,
50%
bedroom
50%
black
50%
breathes
50%
breaths
50%
deed
50%
done
50%
exquisitely
50%
fading
50%
faster,
50%
fish
50%
from
50%
grand
50%
haunt
50%
have
50%
here
50%
if
50%
is
50%
just
50%
Just
50%
knew
50%
motives
50%
moved
50%
mow
50%
not
50%
paid
50%
ready
50%
rest
50%
skies
50%
some
50%
special
50%
still
50%
swath
50%
that's
50%
'till
50%
unclear
50%
Well,
50%
were
50%
we're
50%
which
50%
would
50%
you'll
50%
awful
25%
loons
25%
moor,
25%
No matching quizzes found
Score Distribution
Percent of People with Each Score
Percentile by Number Answered
Your Score History
You have not taken this quiz